| 000 -ლიდერი |
| ფიქსირებული სიგრძის საკონტროლო ველი |
01354nam a22002537a 4500 |
| 003 - საკონტროლო ნომრის იდენტიფიკატორი |
| საკონტროლო ველი |
Ge_BSU |
| 005 - ბოლო ოპერაციის თარიღი და დრო |
| საკონტროლო ველი |
20230531114439.0 |
| 008 - ფიქსირებული სიგრძის მონაცემთა ელემენტები - ზოგადი ინფორმაცია |
| ფიქსირებული სიგრძის საკონტროლო ველი |
230531s2018ge xxu||||| |||| 00| 0 geo d |
| 020 ## - წიგნის საერთაშორისო სტანდარტული ნომერი |
| International Standard Book Number |
9788378931799 |
| 041 ## - ენის კოდი |
| Language code of text/sound track or separate title |
geo |
| 080 ## - უნივერსალური ათობითი კლასიფიკაციის ინდექსი |
| Universal Decimal Classification number |
81'374.3=353.2 ს-33 |
| 100 ## - მთავარი ჩანაწერი - პიროვნების სახელი |
| Personal name |
საღლიანი, მედეა, ავტორი. |
| 9 (RLIN) |
18350 |
| 245 ## - ცნობა სათაურის შესახებ |
| Title |
სვანური ლექსიკონი : |
| Remainder of title |
(ტექსტებითა და გამოკვლევითურთ) / |
| Statement of responsibility, etc |
მედეა საღლიანი, რედ. მერაბ ჩუხუა |
| 264 ## - წარმოების, გამოცემის, დისტრიბუციის და სხვა ცნობები |
| გამოცემის, წარმოების, დისტრიბუციის... სახელწოდება |
Wojnowice, |
| გამოცემის, წარმოების, დისტრიბუციის... თარიღი |
2018. |
| 300 ## - ფიზიკური აღწერა |
| Extent |
766 გვ. ; |
| Other physical details |
24 სმ. |
| 440 ## - სერიის ცნობა / დამატებულია ჩანაწერი - სათაური |
| Title |
საბა - ქართული ლექსიკონი |
| 9 (RLIN) |
18330 |
| 504 ## - BIBLIOGRAPHY, ETC. NOTE |
| Bibliography, etc |
ბიბლიოგრაფია: გვ. 763-765. |
| 546 ## - LANGUAGE NOTE |
| Language note |
ყდა ქართულ და ინგლისურ ენებზე. |
| 653 ## - INDEX TERM--UNCONTROLLED |
| Uncontrolled term |
სვანური |
| 653 ## - INDEX TERM--UNCONTROLLED |
| Uncontrolled term |
ლექსიკონი |
| 700 ## - ADDED ENTRY--PERSONAL NAME |
| Personal name |
ჩუხუა, მერაბ |
| Relator term |
რედაქტორი |
| 9 (RLIN) |
16915 |
| 710 ## - ADDED ENTRY--CORPORATE NAME |
| Corporate name or jurisdiction name as entry element |
თსუ არნ. ჩიქობავას სახ. ენათმეცნიერების ინ-ტი, სსიპ ჩერქეზული (ადიღური) კულტურის ცენტრი. |
| 9 (RLIN) |
18346 |
| 942 ## - ADDED ENTRY ELEMENTS (KOHA) |
| Source of classification or shelving scheme |
|
| Koha item type |
წიგნი |